000 00808nam a22002414a 4500
005 20081128140742.0
008 080618s2008 ii a 001 0 eng
010 _aENG-92126
020 _c50.00
_a9788190732178
035 _aEN-75659
037 _bDBAD / PUB
040 _adpl
_bEnglish
082 _a530
100 _aHarikrishnan, S.
240 _aCorrespondence
245 _aAncillary physics:
_cby S. Harikrishnan
_b(for UG level) /
260 _aKanyakumari
_bKamaraj Pathipagam
_c2008
300 _av.1 (69p.)
_c26 cm (pbk)
500 _aIncludes bibliographical references
650 _aPhysics.
942 _2ddc
_cEN
_mHAR
_h530
999 _c19717
_d19717